[Event "31. DSenEM2019 Gruppe 65+"]
[Site "Radebeul"]
[Date "2019.05.01"]
[Round "6.28"]
[White "Villing, Dieter"]
[Black "Wurmb, Peter"]
[Result "1-0"]
[BlackElo "1984"]
[BlackTeam "SK Heidenau"]
[EventDate "2019.??.??"]
[PlyCount "64"]
[WhiteElo "2100"]
[WhiteTeam "SK Ludwigshafen"]

1. e4 c5 2. Nf3 e6 3. d4 cxd4 4. Nxd4 Nf6 5. Nc3 d6 6. g4 h6 7. Rg1 Nc6 8. Be3
d5 9. exd5 exd5 10. Bb5 Bd7 11. Qf3 Bb4 12. O-O-O Bxc3 13. bxc3 Qa5 14. Bxc6
bxc6 15. Nb3 Qa3+ 16. Kb1 Ne4 17. Bc1 Qe7 18. Rde1 Kf8 19. Qe3 Qf6 20. Bb2 Qxf2
21. Qd3 Bxg4 22. c4 Rd8 23. h3 Be6 24. Bxg7+ Ke7 25. Rgf1 Qb6 26. Bxh8 Rxh8 27.
cxd5 cxd5 28. Qd4 Qb8 29. Rxe4 dxe4 30. Qf6+ Kd7 31. Rd1+ Kc7 32. Qe5+ Kc8  1-0

[Event "31. DSenEM2019 Gruppe 65+"]
[Site "Radebeul"]
[Date "2019.05.01"]
[Round "6.29"]
[White "Siegmund, Rainer"]
[Black "Just, Joachim"]
[Result "1-0"]
[BlackElo "1970"]
[BlackTeam "Motor Zeitz"]
[EventDate "2019.??.??"]
[PlyCount "71"]
[WhiteElo "2093"]
[WhiteTeam "SV Dresden-Striesen"]

1. d4 d5 2. c4 c6 3. Nf3 Nf6 4. Nc3 g6 5. cxd5 cxd5 6. Bf4 Nc6 7. e3 Qa5 8. a3
Ne4 9. Rc1 Bg7 10. Be2 O-O 11. O-O Nxc3 12. Rxc3 Bd7 13. Rc5 Qd8 14. Rxd5 Qc8
15. Rc5 b6 16. Rc1 Qe8 17. b4 Rc8 18. Ba6 e5 19. Bxc8 Bxc8 20. Nxe5 Nxe5 21.
Bxe5 Bxe5 22. dxe5 Qxe5 23. Qd4 Qe7 24. Rfd1 Be6 25. Qd6 Qg5 26. Rd4 h5 27. h4
Qb5 28. Rcd1 Qe2 29. Qe5 Bg4 30. R1d2 Qe1+ 31. Kh2 Qa1 32. Qg5 Kg7 33. Qe5+ Kg8
34. Qf6 Be6 35. e4 Qc3 36. e5  1-0

[Event "31. DSenEM2019 Gruppe 65+"]
[Site "Radebeul"]
[Date "2019.05.01"]
[Round "6.30"]
[White "Scharff, Klaus"]
[Black "Meier, Wolfgang"]
[Result "1-0"]
[BlackElo "2092"]
[BlackTeam "SSV Altenberg"]
[EventDate "2019.??.??"]
[PlyCount "99"]
[WhiteElo "1918"]
[WhiteTeam "SV Opladen"]

1. Nf3 d5 2. g3 Nf6 3. Bg2 c6 4. d3 g6 5. Nbd2 Bg7 6. O-O O-O 7. h3 Nbd7 8. e4
e5 9. Nh2 dxe4 10. dxe4 Nc5 11. Qe2 Qc7 12. Nb3 Ne6 13. c3 a5 14. Be3 b6 15.
Rfd1 Ba6 16. Qe1 Rad8 17. Rxd8 Rxd8 18. Rd1 Rxd1 19. Qxd1 c5 20. f3 Qd7 21.
Qxd7 Nxd7 22. Bf1 Bxf1 23. Nxf1 f5 24. Nbd2 f4 25. Bf2 Bf6 26. Nc4 Bd8 27. a4
Bc7 28. Na3 Kf7 29. Nb5 Bd8 30. Nd2 Nc7 31. Nd6+ Kf8 32. N2c4 Ne8 33. Nb5 Kf7
34. g4 Ke6 35. Kf1 Be7 36. Ke2 Bd6 37. Kd3 Bb8 38. Bh4 Nef6 39. Nca3 h6 40. Kc4
g5 41. Bf2 Nf8 42. b4 axb4 43. cxb4 cxb4 44. Kxb4 N8d7 45. Nc4 Ne8 46. Nxb6
Bd6+ 47. Nxd6 Kxd6 48. Nxd7 Kxd7 49. Kc5 Nc7 50. a5  1-0

[Event "31. DSenEM2019 Gruppe 65+"]
[Site "Radebeul"]
[Date "2019.05.01"]
[Round "6.31"]
[White "Schubert, Joachim"]
[Black "Boeven, Manfred"]
[Result "0-1"]
[BlackElo "2066"]
[BlackTeam "SF Geilenkirchen"]
[EventDate "2019.??.??"]
[PlyCount "146"]
[WhiteElo "1863"]
[WhiteTeam "SC Friesen Lichtenberg"]

1. e4 c5 2. Nf3 e6 3. d4 cxd4 4. Nxd4 Nc6 5. Be3 Nf6 6. Nc3 Qc7 7. Be2 a6 8. O-O
Bb4 9. Bf3 Ne5 10. Nde2 O-O 11. a3 Bd6 12. Ng3 b5 13. Be2 Nc4 14. Bc1 Bb7 15.
Bd3 Be5 16. Qe1 Rac8 17. Nd1 Ng4 18. c3 Bf4 19. Qe2 Bxc1 20. Rxc1 Qf4 21. Ra1
Nce5 22. Bc2 Nxh2 23. Kxh2 Qh4+ 24. Kg1 Ng4 25. Re1 f5 26. Ne3 Qh2+ 27. Kf1
Nxe3+ 28. Qxe3 f4 29. Qd3 fxg3 30. f3 Qh1+ 31. Ke2 Qxg2+ 32. Kd1 Qxf3+ 33. Kd2
Qxd3+ 34. Bxd3 Rf2+ 35. Be2 Rcf8 36. Rg1 Bxe4 37. Rxg3 Bf3 38. Re1 Bxe2 39.
Rxe2 Rxe2+ 40. Kxe2 Rf5 41. Ke3 Kf7 42. Rg4 h5 43. Rd4 Ke7 44. c4 bxc4 45. Rxc4
Kd6 46. a4 h4 47. Rd4+ Ke7 48. Rg4 g5 49. b4 Rf4 50. Rxg5 Rxb4 51. Ra5 Rb6 52.
Rh5 Rb3+ 53. Kd2 Ra3 54. Rxh4 d5 55. Kc2 Kd6 56. Kb2 Rf3 57. Rb4 Kc6 58. a5 Re3
59. Rb6+ Kc5 60. Rxa6 Kb5 61. Ra8 Re4 62. Kc3 Rc4+ 63. Kd3 e5 64. Ke3 Rc3+ 65.
Kd2 Ra3 66. Re8 e4 67. Ra8 Rxa5 68. Rb8+ Kc4 69. Ke3 Ra3+ 70. Kf4 Rf3+ 71. Ke5
e3 72. Rd8 e2 73. Rc8+ Kd3  0-1

[Event "31. DSenEM2019 Gruppe 65+"]
[Site "Radebeul"]
[Date "2019.05.01"]
[Round "6.32"]
[White "Lekakh, Mikhail"]
[Black "Eskandary, Jahya"]
[Result "0-1"]
[BlackElo "2062"]
[BlackTeam "SV Lok Dresden"]
[EventDate "2019.??.??"]
[PlyCount "83"]
[WhiteElo "1841"]
[WhiteTeam "Oberbilker SV"]

1. e4 e5 2. Nf3 Nc6 3. Bb5 a6 4. Bxc6 dxc6 5. h3 f6 6. d3 Be6 7. Be3 Qd7 8. Nbd2
g6 9. b3 Nh6 10. Nf1 Bg7 11. Qc1 Nf7 12. a4 O-O 13. Ng3 b5 14. Nh2 f5 15. Bc5
Rab8 16. f3 Bh6 17. Qb2 Qd8 18. Nhf1 Qh4 19. Bf2 Qe7 20. h4 Qb4+ 21. Ke2 f4 22.
h5 fxg3 23. hxg6 hxg6 24. Bxg3 Bg7 25. Be1 Qd6 26. Bd2 c5 27. Ne3 Rbc8 28. Qc1
c4 29. bxc4 bxc4 30. dxc4 Qc5 31. Qg1 Bxc4+ 32. Kf2 Rcd8 33. Rd1 Bh6 34. Rxh6
Nxh6 35. Qh2 Kg7 36. Bb4 Qxb4 37. Qxe5+ Kg8 38. Rxd8 Rxd8 39. Qxc7 Qd2+ 40. Kg3
Bf7 41. Nd5 Qg5+ 42. Kf2  0-1

[Event "31. DSenEM2019 Gruppe 65+"]
[Site "Radebeul"]
[Date "2019.05.01"]
[Round "6.33"]
[White "Schulz, Wolfgang"]
[Black "Fleuch, Hans-Jürgen"]
[Result "1/2-1/2"]
[BlackElo "1956"]
[BlackTeam "SV Urmitz"]
[EventDate "2019.??.??"]
[PlyCount "59"]
[WhiteElo "2048"]
[WhiteTeam "Hamburger SK"]

1. e4 g6 2. Nf3 Bg7 3. d3 c6 4. g3 d5 5. Qe2 dxe4 6. dxe4 e5 7. Bg2 Ne7 8. O-O
O-O 9. b3 Bg4 10. Bb2 Qc7 11. Nbd2 c5 12. h3 Bd7 13. a4 Nbc6 14. Ba3 b6 15. Nc4
Be6 16. Ng5 Nd4 17. Qd3 Bc8 18. Ne3 h6 19. Nd5 Qd6 20. Nf3 Nxd5 21. Nxd4 Nc7
22. Nf5 Qxd3 23. Ne7+ Kh7 24. cxd3 Ba6 25. Rfd1 Rfd8 26. b4 cxb4 27. Bxb4 Rxd3
28. Bf1 Rxd1 29. Rxd1 Bxf1 30. Kxf1  1/2-1/2

[Event "31. DSenEM2019 Gruppe 65+"]
[Site "Radebeul"]
[Date "2019.05.01"]
[Round "6.34"]
[White "Westphal, Norbert"]
[Black "Blosze, Winfried"]
[Result "1-0"]
[BlackElo "1914"]
[BlackTeam "SV Großauheim"]
[EventDate "2019.??.??"]
[PlyCount "95"]
[WhiteElo "2048"]
[WhiteTeam "BSV Chemie Radebeul"]

1. d4 Nf6 2. c4 g6 3. f3 Bg7 4. e4 d6 5. Be3 O-O 6. Qd2 Nbd7 7. Nc3 a6 8. Bd3 c5
9. Nge2 cxd4 10. Nxd4 Ne5 11. Be2 Bd7 12. Rc1 Rc8 13. b3 Nc6 14. O-O Nxd4 15.
Bxd4 Bc6 16. Be3 Qd7 17. a4 Rfd8 18. a5 Rf8 19. b4 Qe8 20. b5 Bd7 21. Rfd1 Be6
22. Na4 Nd7 23. Nb6 Nxb6 24. Bxb6 axb5 25. cxb5 Qd7 26. Rxc8 Rxc8 27. Rc1 h5
28. a6 Rxc1+ 29. Qxc1 bxa6 30. bxa6 Qa4 31. Kf1 Bd7 32. Qc4 Qa1+ 33. Kf2 Qb2
34. Be3 Qb8 35. Qd5 e6 36. Qb7 Qc8 37. Qb6 Bc6 38. Qb4 Bf8 39. Qc3 Qd7 40. Qd4
Be7 41. Qb2 Bh4+ 42. g3 Bd8 43. Qb8 Kg7 44. a7 Bc7 45. a8=Q Bxa8 46. Qxa8 e5
47. Kg2 f5 48. Qb7  1-0

[Event "31. DSenEM2019 Gruppe 65+"]
[Site "Radebeul"]
[Date "2019.05.01"]
[Round "6.35"]
[White "Vasiljev, Jurij"]
[Black "Wolter, Günter"]
[Result "1-0"]
[BlackElo "1849"]
[BlackTeam "TSG Neustrelitz"]
[EventDate "2019.??.??"]
[PlyCount "43"]
[WhiteElo "2042"]
[WhiteTeam "SF Moers"]

1. d4 Nf6 2. c4 e6 3. Nf3 b6 4. g3 Bb7 5. Bg2 Be7 6. O-O O-O 7. Nc3 d6 8. Qc2
Nbd7 9. Rd1 a6 10. e4 c5 11. e5 Ne8 12. exd6 Nxd6 13. dxc5 Nxc5 14. Bf4 Qc7 15.
b4 Nce4 16. Nxe4 Bxe4 17. Qxe4 Qxc4 18. Qxc4 Nxc4 19. a3 a5 20. Ne5 Rac8 21.
Nd7 Rfd8 22. Bb7  1-0

[Event "31. DSenEM2019 Gruppe 65+"]
[Site "Radebeul"]
[Date "2019.05.01"]
[Round "6.36"]
[White "Paus, Franz"]
[Black "Kanibalotska, Elisabeth"]
[Result "1-0"]
[BlackElo "1794"]
[BlackTeam "SV Lok Dresden"]
[EventDate "2019.??.??"]
[PlyCount "83"]
[WhiteElo "2041"]
[WhiteTeam "Schachfüchse Kempen"]

1. d4 Nf6 2. c4 e6 3. Nf3 d5 4. Nc3 Be7 5. Bg5 O-O 6. e3 c6 7. Rc1 h6 8. Bh4
Nbd7 9. a3 Re8 10. Bd3 dxc4 11. Bxc4 Nd5 12. Bg3 N7f6 13. Nd2 Nxc3 14. Rxc3 Nd5
15. Rc1 Bh4 16. Bxh4 Qxh4 17. Nf3 Qd8 18. O-O Nb6 19. Ba2 Nd7 20. Qd3 Qe7 21.
Ne5 Nxe5 22. dxe5 Rd8 23. Qe4 Bd7 24. f4 Be8 25. Rf2 Rd7 26. Rcf1 Rad8 27. f5
Rd1 28. f6 Rxf1+ 29. Rxf1 Qf8 30. Qc2 Rd7 31. h4 g6 32. h5 Kh8 33. hxg6 fxg6
34. Bxe6 Rc7 35. Bb3 Kh7 36. e6 h5 37. f7 Bxf7 38. Rxf7+ Rxf7 39. exf7 Qh6 40.
Qf2 Qf8 41. Qf6 Kh6 42. Bc2  1-0

[Event "31. DSenEM2019 Gruppe 65+"]
[Site "Radebeul"]
[Date "2019.05.01"]
[Round "6.37"]
[White "Grube, Kurt"]
[Black "Sand, Rolf"]
[Result "1/2-1/2"]
[BlackElo "2024"]
[BlackTeam "SF Pfullingen"]
[EventDate "2019.??.??"]
[PlyCount "98"]
[WhiteElo "1594"]
[WhiteTeam "SG Osnabrück"]

1. Nf3 c5 2. c4 Nf6 3. g3 d5 4. cxd5 Nxd5 5. Bg2 Nc6 6. Nc3 Nc7 7. O-O e5 8. d3
Be7 9. Bd2 O-O 10. Rc1 f6 11. Ne4 b6 12. Bc3 Be6 13. Ned2 Rc8 14. b3 Nd5 15.
Bb2 Qd7 16. Re1 Rfd8 17. a3 Nd4 18. a4 Nb4 19. Nxd4 cxd4 20. Nc4 Nd5 21. e4
dxe3 22. fxe3 Bb4 23. Rf1 Bc5 24. d4 exd4 25. Bxd4 Bxd4 26. Qxd4 Ne7 27. Qxd7
Rxd7 28. Rfe1 Rdc7 29. Re2 Ng6 30. Rd2 Ne5 31. Rd6 Bf7 32. Rc2 Nxc4 33. bxc4
Rxc4 34. Rcd2 Rc1+ 35. Kf2 R1c2 36. Ke1 Rxd2 37. Kxd2 Kf8 38. Rd7 a5 39. Rd6
Rb8 40. Bc6 Be8 41. Bxe8 Kxe8 42. h4 Ke7 43. Rd5 Rc8 44. Kd3 Rc6 45. e4 Ke6 46.
g4 g6 47. Rb5 Kd6 48. Kd4 Ke6 49. g5 Rd6+  1/2-1/2

[Event "31. DSenEM2019 Gruppe 65+"]
[Site "Radebeul"]
[Date "2019.05.01"]
[Round "6.38"]
[White "Glasewald, Stefan"]
[Black "Jacob, Barbara"]
[Result "1/2-1/2"]
[BlackElo "1776"]
[BlackTeam "SK Ochtrup"]
[EventDate "2019.??.??"]
[PlyCount "44"]
[WhiteElo "2018"]
[WhiteTeam "SV Dresden-Striesen"]

1. d4 Nf6 2. Nc3 d5 3. Bg5 h6 4. Bf4 c6 5. f3 Bf5 6. e3 Nbd7 7. Bd3 Bxd3 8. Qxd3
Nh5 9. Nge2 Nxf4 10. Nxf4 e5 11. Nfe2 exd4 12. exd4 Qg5 13. O-O O-O-O 14. a3
Bd6 15. b4 Nb6 16. Nd1 Nc4 17. f4 Qf6 18. Ne3 Nxe3 19. Qxe3 Rde8 20. Qd3 Qe6
21. Rae1 Qe3+ 22. Qxe3 Rxe3  1/2-1/2

[Event "31. DSenEM2019 Gruppe 65+"]
[Site "Radebeul"]
[Date "2019.05.01"]
[Round "6.39"]
[White "Petzold, Hans"]
[Black "Raitza, Egon"]
[Result "1-0"]
[BlackElo "1704"]
[BlackTeam "SSC Rostock"]
[EventDate "2019.??.??"]
[PlyCount "181"]
[WhiteElo "2017"]
[WhiteTeam "USV TU Dresden"]

1. Nf3 d5 2. g3 c5 3. Bg2 Nc6 4. d3 e5 5. Nbd2 Be6 6. c3 Be7 7. O-O h6 8. e4 Nf6
9. Qa4 O-O 10. Re1 Qc7 11. Nh4 Rab8 12. Nf1 b5 13. Qd1 dxe4 14. dxe4 Rbd8 15.
Qf3 Bg4 16. Qe3 c4 17. f3 Rd3 18. Qe2 Be6 19. Ne3 Bc5 20. Kh1 Rfd8 21. Nhf5 Qd7
22. Qc2 Kf8 23. g4 a6 24. Bf1 Bxf5 25. gxf5 Rd6 26. b3 Na5 27. b4 Bxe3 28. Bxe3
Nb7 29. a4 Nh5 30. axb5 axb5 31. Ra7 Kg8 32. Qc1 Rd1 33. Rxd1 Qxd1 34. Qxd1
Rxd1 35. Rxb7 Rxf1+ 36. Kg2 Rd1 37. Rxb5 Rd3 38. Kf2 f6 39. Rb8+ Kh7 40. b5
Rxc3 41. b6 Rb3 42. Rc8 c3 43. Ke2 Nf4+ 44. Kd1 c2+ 45. Kxc2 Rxe3 46. b7 Re2+
47. Kd1 Rb2 48. b8=Q Rxb8 49. Rxb8 h5 50. Ke1 h4 51. Kf2 Nh3+ 52. Kf1 Nf4 53.
Kf2 Nh3+ 54. Ke3 Nf4 55. Rb1 Ng2+ 56. Kf2 Nf4 57. Rh1 Nh3+ 58. Ke3 Kh6 59. Ra1
Kh7 60. Ra2 Nf4 61. h3 Kh6 62. Rh2 Kh7 63. Rh1 Ng2+ 64. Kd2 Nf4 65. Rg1 Nxh3
66. Rg4 Ng5 67. Rxh4+ Kg8 68. Ke3 Nf7 69. Rh1 Ng5 70. Ra1 Nh3 71. Ra8+ Kh7 72.
Ra2 Ng5 73. f4 exf4+ 74. Kxf4 Nf7 75. Ra5 Kg8 76. Ke3 Ng5 77. Ra7 Kh7 78. Rc7
Kg8 79. Kd4 Nf3+ 80. Kd5 Ng5 81. Rc4 Nf3 82. Ke6 Ng5+ 83. Ke7 Kh7 84. Kf8 g6
85. Rc7+ Kh6 86. Rg7 gxf5 87. exf5 Ne4 88. Rg6+ Kh7 89. Kf7 Nd6+ 90. Ke6 Ne4
91. Rxf6  1-0

[Event "31. DSenEM2019 Gruppe 65+"]
[Site "Radebeul"]
[Date "2019.05.01"]
[Round "6.40"]
[White "Orlova, Liubov"]
[Black "Bogorad, Michail"]
[Result "1/2-1/2"]
[Annotator "lenovo"]
[BlackElo "2104"]
[BlackTeam "Bahn-SC Wuppertal"]
[EventDate "2019.??.??"]
[PlyCount "314"]
[WhiteElo "1988"]
[WhiteTeam "TSV IFA Chemnitz"]

1. Nf3 c5 2. g3 Nc6 3. Bg2 g6 4. d4 cxd4 5. Nxd4 Bg7 6. c3 Nf6 7. O-O O-O 8. b3
d5 9. Bb2 Qb6 10. Nd2 e5 11. Nxc6 bxc6 12. c4 e4 13. e3 Ba6 14. Rc1 Rac8 15.
Bh3 Ra8 16. Re1 Rfd8 17. Qc2 Qb8 18. Bc3 Bc8 19. Bg2 Qd6 20. cxd5 cxd5 21. Ba5
Re8 22. Qc7 Qxc7 23. Rxc7 Ng4 24. Bf1 Be6 25. h3 Ne5 26. Kg2 h5 27. Ba6 Bf6 28.
Bc3 Kg7 29. Bd4 Bc8 30. Bb5 Be6 31. Bxe8 Rxe8 32. Rb1 a5 33. b4 axb4 34. Rxb4
Ra8 35. Ra7 Rc8 36. Rb6 Kg8 37. Rab7 Rc2 38. Rb2 Rc1 39. Nb3 Rd1 40. Bxe5 Bxe5
41. Rc2 d4 42. exd4 e3 43. Rb5 exf2 44. Rxf2 Bxd4 45. Nxd4 Rxd4 46. Rfb2 Kg7
47. h4 Ra4 48. R5b4 Rxa2 49. Rxa2 Bxa2 50. Kf3 Be6 51. Kf4 Kf6 52. Rb6 Kg7 53.
Ke5 Ba2 54. Rf6 Bb3 55. Rf2 Be6 56. Rb2 Bc4 57. Kd6 Be6 58. Re2 Bc4 59. Re7 Bb3
60. Ke5 Bc4 61. Ra7 Be6 62. Ra4 Bb3 63. Rb4 Be6 64. Rf4 Bc8 65. Rf6 Bg4 66. Rd6
Be2 67. Kf4 Bg4 68. Kg5 Be6 69. Rd4 Bf5 70. Rb4 Be6 71. Rb6 Bg4 72. Kf4 Bf5 73.
Ke5 Bg4 74. Rf6 Be2 75. Rf4 Bg4 76. Kd6 Be6 77. Ke7 Bb3 78. g4 hxg4 79. Rxg4
Ba2 80. Kd6 Bb3 81. Ke5 Bd1 82. Rg3 Be2 83. Kf4 Bd1 84. Rg2 Kh6 85. Rd2 Bb3 86.
Rd8 Kg7 87. Kg5 Be6 88. Ra8 Bd5 89. Ra7 Bf3 90. Rd7 Be2 91. Rd2 Bf3 92. Kf4 Bh5
93. Kg3 Kf6 94. Rf2+ Kg7 95. Kf4 Kf6 96. Ke4+ Kg7 97. Ke5 Bg4 98. Rg2 Bf3 99.
Rd2 Bg4 100. Kf4 Bh5 101. Kg5 Bf3 102. Rf2 Bd1 103. Kf4 Kf6 104. Rb2 Kg7 105.
Rb7 Be2 106. Ke5 Bf3 107. Rb2 Bh5 108. Kd6 Bg4 109. Ke7 Be6 110. Rb5 Bg4 111.
Rb4 Bf5 112. Rf4 Be6 113. Rf2 Bc4 114. Rg2 Bd5 115. Rg3 Be4 116. h5 Bd5 117.
Rg5 Bc4 118. Rg3 Bd5 119. hxg6 fxg6 120. Kd6 Bf7 121. Ke5 Bg8 122. Rc3 g5 123.
Kf5 g4 124. Rc7+ Kh8 { [#]}  125. Kxg4 Bd5 126. Kg5 Bg8 127. Kg6 Bd5 128. Rh7+
Kg8 129. Rd7 Be4+ 130. Kf6 Kh8 131. Rd8+ Kh7 132. Re8 Bd3 133. Re7+ Kg8 134.
Re3 Bc2 135. Re8+ Kh7 136. Rc8 Bd3 137. Kf7 Bg6+ 138. Kf6 Bd3 139. Rd8 Bc2 140.
Rd2 Be4 141. Rd4 Bc2 142. Rg4 Kh8 143. Kf7 Bb3+ 144. Kf8 Bc2 145. Rg1 Kh7 146.
Rg3 Kh8 147. Kf7 Bh7 148. Kf6 Bc2 149. Rg7 Bb3 150. Rb7 Bc4 151. Rd7 Bb3 152.
Kg6 Bc2+ 153. Kh6 Bb3 154. Rh7+ Kg8 155. Rg7+ Kh8 156. Re7 Bc4 157. Kg6 Bg8 
1/2-1/2

[Event "31. DSenEM2019 Gruppe 65+"]
[Site "Radebeul"]
[Date "2019.05.01"]
[Round "6.41"]
[White "Steingrobe, Udo"]
[Black "Wolke, Reimund"]
[Result "1-0"]
[BlackElo "1916"]
[BlackTeam "Hamburger SK"]
[EventDate "2019.??.??"]
[PlyCount "115"]
[WhiteElo "2056"]
[WhiteTeam "Schachfüchse Kempen"]

1. d4 Nf6 2. c4 g6 3. Nc3 d5 4. cxd5 Nxd5 5. e4 Nxc3 6. bxc3 Bg7 7. Bc4 c5 8.
Ne2 Nc6 9. Be3 O-O 10. O-O Qc7 11. Rc1 b6 12. Bd5 e6 13. Bg5 Qd7 14. Bxc6 Qxc6
15. d5 Qb7 16. c4 e5 17. Be3 f5 18. f3 Bd7 19. Nc3 Rf7 20. Qb3 Raf8 21. Bxc5
Rc8 22. Ba3 Bh6 23. Rce1 Bd2 24. Re2 Bxc3 25. Qxc3 Bb5 26. Qxe5 Bxc4 27. Bb2
Rg7 28. Rc2 b5 29. Qxg7+ Qxg7 30. Bxg7 Kxg7 31. Rb1 Re8 32. a4 a6 33. exf5 gxf5
34. d6 Rd8 35. axb5 axb5 36. Rd2 Kf6 37. Kf2 Rd7 38. Kg3 Rg7+ 39. Kf4 Rd7 40.
Rd4 h6 41. Ke3 Ke5 42. Rbd1 Bb3 43. R1d2 Bc4 44. Rh4 Kf6 45. Rxh6+ Kg5 46. Rh8
b4 47. f4+ Kg6 48. Rc8 Be6 49. Rc7 Rd8 50. Rb7 b3 51. Rb6 Rd7 52. Kd4 Kf7 53.
Ke5 Ra7 54. Rb5 Rd7 55. Rc5 Rd8 56. Rc7+ Bd7 57. Rb2 Re8+ 58. Kd5  1-0

[Event "31. DSenEM2019 Gruppe 65+"]
[Site "Radebeul"]
[Date "2019.05.01"]
[Round "6.42"]
[White "Gerl, Hans"]
[Black "Lomer, Edmund"]
[Result "1-0"]
[BlackElo "2053"]
[BlackTeam "Eckernförder SC"]
[EventDate "2019.??.??"]
[PlyCount "119"]
[WhiteElo "1975"]
[WhiteTeam "SGem Fürth"]

1. d4 Nf6 2. c4 e6 3. Nf3 Bb4+ 4. Nbd2 b6 5. a3 Bxd2+ 6. Bxd2 Bb7 7. Bg5 d6 8.
e3 Nbd7 9. Bd3 h6 10. Bh4 Qe7 11. O-O O-O 12. Re1 e5 13. dxe5 Nxe5 14. Nxe5
Qxe5 15. Qc2 Rfe8 16. f3 a5 17. Rac1 a4 18. Bf5 Bc6 19. Bg3 Qc5 20. Bf2 Qe5 21.
Bg3 Qe7 22. Qc3 Bd7 23. Bb1 Ra5 24. Bh4 g5 25. Bf2 Qe5 26. Qc2 Bf5 27. e4 Bg6
28. Qd2 Nh5 29. g3 Qe6 30. Kg2 Nf6 31. Bd4 Nd7 32. Bc3 Raa8 33. Ba2 Nc5 34. h4
f6 35. hxg5 hxg5 36. Rcd1 Kf7 37. Qd4 Rh8 38. Rh1 Rae8 39. Bb1 Nd7 40. Qd5 Qxd5
41. cxd5 Nc5 42. Rxh8 Rxh8 43. g4 Re8 44. Bd4 Rb8 45. Bc2 Kg8 46. Rd2 Be8 47.
Kg3 Bb5 48. f4 gxf4+ 49. Kxf4 Kf7 50. Rh2 Rg8 51. Rh7+ Rg7 52. Rxg7+ Kxg7 53.
g5 Kf7 54. Bxf6 c6 55. Kf5 cxd5 56. g6+ Kg8 57. exd5 Bd7+ 58. Kg5 b5 59. Kh6
Nb3 60. g7  1-0

[Event "31. DSenEM2019 Gruppe 65+"]
[Site "Radebeul"]
[Date "2019.05.01"]
[Round "6.43"]
[White "Ehlert, Joachim"]
[Black "Zunker, Reinhard"]
[Result "0-1"]
[BlackElo "2046"]
[BlackTeam "SV Hofheim"]
[EventDate "2019.??.??"]
[PlyCount "54"]
[WhiteElo "1918"]
[WhiteTeam "SV Lok Dresden"]

1. e4 d6 2. d4 g6 3. Nc3 a6 4. Be3 b5 5. a3 Bg7 6. Qd2 Nd7 7. g3 h5 8. h4 Bb7 9.
Bg2 Ngf6 10. Nh3 Ng4 11. O-O O-O 12. Rad1 Rc8 13. f3 Nxe3 14. Qxe3 c5 15. dxc5
Nxc5 16. g4 hxg4 17. fxg4 Nd7 18. h5 gxh5 19. gxh5 Qb6 20. Nd5 Bxd5 21. Qxb6
Nxb6 22. exd5 Rxc2 23. Be4 Rxb2 24. Rd3 Bh6 25. Rg3+ Kh8 26. Kh1 Re2 27. Bd3
Re5  0-1

[Event "31. DSenEM2019 Gruppe 65+"]
[Site "Radebeul"]
[Date "2019.05.01"]
[Round "6.44"]
[White "Walther, Reinhard"]
[Black "Niebuhr, Gerd"]
[Result "0-1"]
[BlackElo "1899"]
[BlackTeam "Freibauer Wedemark"]
[EventDate "2019.??.??"]
[PlyCount "110"]
[WhiteElo "2042"]
[WhiteTeam "SK Herzogenaurach"]

1. d4 Nf6 2. Bg5 Ne4 3. Bf4 d5 4. f3 Nf6 5. e4 c5 6. e5 Nfd7 7. c3 Nc6 8. Bb5
Qb6 9. Bxc6 bxc6 10. b3 e6 11. Ne2 Ba6 12. O-O cxd4 13. Rf2 dxc3 14. Nd4 c5 15.
Nxc3 cxd4 16. Na4 Qb5 17. Qxd4 Ba3 18. Rc2 O-O 19. Rc7 Rfc8 20. Nc3 Qb6 21.
Qxb6 Nxb6 22. Rxc8+ Rxc8 23. Nd1 d4 24. Nf2 Nd5 25. Bg3 Rc1+ 26. Rxc1 Bxc1 27.
Ne4 d3 28. Be1 Be3+ 29. Kh1 f5 30. Nd2 Nb4 31. Nf1 Nc2 32. Bd2 f4 33. g3 g5 34.
Kg2 Kf7 35. h4 h6 36. hxg5 hxg5 37. Kh3 Bxd2 38. Nxd2 fxg3 39. Kxg3 Nb4 40. a4
Nd5 41. Kf2 Kg6 42. Ne4 Kf5 43. Ke1 Kxe5 44. Nxg5 Nf4 45. Kd2 Kd4 46. Nf7 Bb7
47. Nd6 Bc6 48. a5 a6 49. b4 Bxf3 50. b5 Kc5 51. Nf7 Kxb5 52. Ne5 Be4 53. Ke3
Ng6 54. Ng4 Bf5 55. Nf2 Kxa5  0-1

[Event "31. DSenEM2019 Gruppe 65+"]
[Site "Radebeul"]
[Date "2019.05.01"]
[Round "6.45"]
[White "Schmitt, Karl"]
[Black "Seidel, Arnold"]
[Result "0-1"]
[BlackElo "2018"]
[BlackTeam "Kali Wolmirstedt"]
[EventDate "2019.??.??"]
[PlyCount "151"]
[WhiteElo "1884"]
[WhiteTeam "Bergische SF"]

1. d4 d5 2. Nf3 Bf5 3. c4 e6 4. cxd5 exd5 5. Qb3 b6 6. Nc3 c6 7. Bg5 Be7 8. Bxe7
Nxe7 9. e3 O-O 10. Be2 a5 11. Na4 b5 12. Nc5 Na6 13. Rc1 a4 14. Qd1 Qa5+ 15.
Qd2 Qxd2+ 16. Kxd2 a3 17. b3 Nb4 18. Ra1 f6 19. Rhc1 g5 20. Kc3 Na6 21. Nxa6
Rxa6 22. Kb4 Kf7 23. Nd2 Ng8 24. Rc5 Kg6 25. Rac1 Ne7 26. Nf3 h5 27. Ne1 g4 28.
Bd3 Be4 29. f3 Bf5 30. e4 dxe4 31. fxe4 Bd7 32. d5 Kh6 33. Kc3 cxd5 34. exd5
Rd6 35. Kb4 Ra8 36. Bxb5 Nxd5+ 37. Kc4 Ne3+ 38. Kb4 Rb8 39. Ka5 Nd5 40. Bxd7
Rxd7 41. Rc6 Nb4 42. Rxf6+ Kg5 43. Rb6 Rd5+ 44. Kxb4 Rxb6+ 45. Kxa3 Rd2 46. b4
Ra6+ 47. Kb3 Raxa2 48. Rc5+ Kf6 49. Rxh5 Ra1 50. Nc2 Rxg2 51. Ne3 Rgg1 52. Rf5+
Kg6 53. Rf4 Kg5 54. Rf8 Rae1 55. Rg8+ Kf4 56. Nd5+ Ke5 57. Rg5+ Kd4 58. Nf6
Re3+ 59. Ka4 Ra1+ 60. Kb5 Re5+ 61. Rxe5 Kxe5 62. Nxg4+ Kf4 63. Nf6 Rh1 64. Nd5+
Ke4 65. Ne7 Rxh2 66. Kb6 Ke5 67. b5 Rh6+ 68. Kb7 Rh7 69. Kc6 Rh6+ 70. Kc5 Rh1
71. b6 Rc1+ 72. Kb5 Kd6 73. Nc6 Rb1+ 74. Nb4 Kd7 75. Ka6 Rxb4 76. Ka7  0-1

[Event "31. DSenEM2019 Gruppe 65+"]
[Site "Radebeul"]
[Date "2019.05.01"]
[Round "6.46"]
[White "Haase, Wolfgang"]
[Black "Dellos, Peter"]
[Result "1-0"]
[BlackElo "1858"]
[BlackTeam "SK Ricklingen"]
[EventDate "2019.??.??"]
[PlyCount "97"]
[WhiteElo "2013"]
[WhiteTeam "SVG Caissa Kassel"]

1. c4 e5 2. Nc3 Nf6 3. Nf3 d6 4. d4 exd4 5. Nxd4 Be7 6. g3 O-O 7. Bg2 c6 8. O-O
Na6 9. e4 h6 10. b3 Re8 11. Be3 Bf8 12. a3 Nc5 13. Qc2 Ne6 14. Nde2 Bd7 15. f4
Qc7 16. Rad1 Rad8 17. b4 b6 18. g4 Be7 19. Ng3 Nh7 20. Nf5 Bc8 21. Nxe7+ Qxe7
22. f5 Neg5 23. h4 Nxe4 24. Nxe4 Qxh4 25. Rf4 Ng5 26. Nxg5 Qxg5 27. Re4 Qf6 28.
Bd4 Qg5 29. Rde1 Rxe4 30. Qxe4 Bd7 31. Qe7 Re8 32. Qxg5 Rxe1+ 33. Kf2 hxg5 34.
Kxe1 f6 35. Kd2 Kf7 36. c5 bxc5 37. bxc5 d5 38. Kc3 Ke7 39. Kb4 Kd8 40. Ka5 Kc8
41. Bf2 Kb7 42. Bg3 g6 43. fxg6 Bxg4 44. g7 Be6 45. Bh3 Bg8 46. Bf5 d4 47. Bd6
Bc4 48. Kb4 Bg8 49. a4  1-0

[Event "31. DSenEM2019 Gruppe 65+"]
[Site "Radebeul"]
[Date "2019.05.01"]
[Round "6.47"]
[White "Staub, Gerhard"]
[Black "Hadlich, Winfried"]
[Result "1/2-1/2"]
[Annotator "lenovo"]
[BlackElo "1854"]
[BlackTeam "SV Holstein Quickborn"]
[EventDate "2019.??.??"]
[PlyCount "78"]
[WhiteElo "2010"]
[WhiteTeam "SV Schwaikheim"]

1. e4 c5 2. Nc3 Nc6 3. f4 e6 4. Nf3 d6 5. Bc4 a6 6. a4 b6 7. O-O Na5 8. d3 Nxc4
9. dxc4 Ne7 10. Qd3 Nc6 11. f5 Be7 12. Bf4 O-O 13. Rad1 Nb4 14. Qe2 exf5 15. e5
Bb7 16. exd6 Bf6 17. Qd2 Bxf3 18. Rxf3 Ra7 19. Nd5 Bd4+ 20. Kh1 Nxd5 21. cxd5
Rd7 22. c3 Bf6 23. Re1 g5 24. Rg3 Kh8 25. Bxg5 Rxd6 26. c4 Rg8 27. Bxf6+ Qxf6
28. Rxg8+ Kxg8 29. Re8+ Kg7 30. Qc3 b5 31. Qxf6+ Kxf6 32. axb5 axb5 33. b3 bxc4
34. bxc4 Ra6 35. Re1 h5 36. Kg1 Ra4 37. Rc1 Ke5 38. Kf2 Ra2+ 39. Kg1 Rd2 { (  =
 )}   1/2-1/2